[Event "Lezajsk Merlin-B 1st"]
[Site "Lezajsk"]
[Date "2021.08.09"]
[Round "8"]
[White "Lachut, Tomasz"]
[Black "Owoc, Jakub"]
[Result "1-0"]
[WhiteElo "1395"]
[BlackElo "1768"]
[PlyCount "43"]
[EventDate "2021.08.04"]
[EventType "tourn"]
[EventRounds "9"]
[EventCountry "POL"]
[SourceTitle "EXT 2023"]
[Source "ChessBase"]
[SourceDate "2022.10.05"]
[SourceVersion "1"]
[SourceVersionDate "2022.10.05"]
[SourceQuality "1"]

1. e4 c6 2. d4 d5 3. f3 e6 4. Nc3 Bb4 5. Qd3 Nf6 6. e5 Nfd7 7. f4 b6 8. Qg3 g6 9. Bd2 c5 10. Nb5 Bxd2+ 11. Kxd2 cxd4 12. Nd6+ Kf8 13. h4 Nc5 14. Bd3 h6 15. h5 Nxd3 16. hxg6 Rg8 17. Rxh6 Ke7 18. Rh7 Kd7 19. Rxf7+ Kc6 20. cxd3 Na6 21. Ne2 b5 22. Nxd4+ 1-0